00680nam a2200181 i 4500001000700000003000900007005001700016007000300033008004100036100003200077245011500109260003300224300002200257700004600279852003200325999001900357952012200376149740ES-MaACL20230906203233.0t|071024s1966 sp ||||1| spa d1 aVaughan, Richard P.911331610aEnfermedades mentales y vida religiosa / cRichard P. Vaughan ; traducción Jesús Florentino Díaz Prieto. aMadrid : bStudium, c[1966] a277 p. ; c21 cm.1 aDíaz Prieto, Jesús Florentino.944400 aES-MaACLjC-30874 bR.61379 c149740d149740 00104070aATENEOMbATENEOMcDEPO2d2008-01-17eSCl0oC-30874p1156256r2023-02-23 00:00:00w2023-02-23yMONOGRAFIA